000 00887nas a2200289 4500
001 BR0201629
003 BR-BrBNA
005 20231205102828.0
007 ta
008 230509b bl.|||p| |||| 00| 00por d
040 _aBR-BrBNA
_bpor
_cBiblioteca Nacional de Agricultura
041 _a(Pt)
072 _aQ60
100 1 _aLeite, V.D.
100 1 _aLopes, W.S.
100 1 _aPrasad, S.
245 1 _aBioestabilização anaeróbia de resíduos sólidos orgânicos em reatores de batelada
650 _aRÚMEN
650 _aRESÍDUO ORGÂNICO
650 _aPROCESSAMENTO
650 _aAPARELHO DE LABORATÓRIO
650 _aINOCULANTE
650 _aPARAÍBA
773 0 _tRevista Brasileira de Engenharia Agrícola e Ambiental (Brazil)
_xISSN 1415-4366
_g(Jan-Apr 2001), v. 5(1) p. 119-123
_wBR0201629
909 _a202311
_bLúcia
_c55
_dLúcia Elande
942 _2AGRIS
_n0
_cANA
999 _c169556
_d169556